The Missing Word - Meryl Streep's Movies - Statistics

General Stats
  • This quiz has been taken 47 times
  • The average score is 18 of 20
Answer Stats
Hint Answer % Correct
Kramer ___ Kramer vs.
100%
The ___ Hunter Deer
98%
___ & Julia Julie
98%
Don't ___ Up Look
98%
Mamma ___! Mia
98%
The Devil Wears ___ Prada
98%
Into the ___ Woods
98%
___ Becomes Her Death
95%
The Iron ___ Lady
95%
___'s Choice Sophie
95%
It's ___ Complicated
93%
She-___ Devil
93%
___ in Love Falling
90%
___ of Africa Out
90%
The ___ Candidate Manchurian
88%
Marvin's ___ Room
83%
The ___ Wild River
80%
The ___ of Madison County Bridges
78%
___ Silkwood
76%
The ___ Hours
68%
No matching quizzes found
Score Distribution
Percent of People with Each Score
Percentile by Number Answered
Your Score History
You have not taken this quiz